000 00480nam a2200157 i 4500
001 99885
003 ES-MaACL
005 20230906182553.0
007 t|
008 050919s1963 sp ||||1| spa d
100 1 _aMartínez O'Connor, José Diego.
_978281
245 1 0 _aElla
_b: Novela. (Historia de una gran dama) /
_cJosé D. Martínez O'Connor.
260 _aAlmería :
_b[s.n.],
_c1963 (
_fImp. Granada)
300 _a39 p. ;
_c22 cm.
852 _aES-MaACL
_j2036-F-4
_bR.53069
999 _c99885
_d99885